LCS Champions - Statistiques

Statistiques générales
  • Ce quiz a été pris 197 fois
    64 depuis la dernière actualisation
  • Le résultat moyen est 32 sur 68
Statistiques - réponses
Réponse % Correct
Cloud 9
100%
Team Liquid
100%
FlyQuest
96%
Bwipo
85%
Impact
85%
TSM
85%
100 Thieves
81%
CoreJJ
81%
Doublelift
78%
Inspired
74%
APA
70%
Bjergsen
70%
Evil Geniuses
67%
Massu
67%
Nisqy
67%
NRG
67%
Counter Logic Gaming
63%
Jensen
63%
Perkz
59%
Zven
59%
Blaber
56%
Brokenblade
56%
Busio
56%
FBI
56%
Jojopyun
56%
Quad
56%
Berserker
52%
Yeon
52%
UmTi
48%
Vulcan
48%
Fudge
44%
Closer
41%
Dhokla
41%
Emenes
41%
Huhi
41%
Sneaky
41%
Svenskeren
41%
Wildturtle
41%
Xmithie
41%
Aphromoo
37%
Licorice
37%
Palafox
37%
Reginald
37%
Ssumday
37%
Contractz
33%
Diplex
33%
Meteos
33%
Danny
30%
Hauntzer
30%
Santorin
30%
Spica
30%
Biofrost
26%
Darshan
26%
Dyrus
26%
Hai
26%
Lemonnation
26%
Pobelter
26%
Stixxay
26%
Balls
22%
Ignar
22%
Abbedage
19%
Amazing
19%
TheOddOne
19%
Treatz
19%
Zionspartan
19%
Lustboy
15%
Xpecial
11%
Olleh
7%
Aucun quiz correspondant
Distribution des résultats
% des personnes avec chaque résultat
Percentile par nombre de réponses
Votre historique - résultats
Vous n’avez pas pris ce quiz depuis la dernière actualisation